Arbitrážní praxe Časopis Státní arbitráže ČSSR

Gespeichert in:
Bibliographische Detailangaben
Format: Schriftenreihe
Sprache:Tschechisch
Veröffentlicht: Praha Stát. nakl. techn. lit. 1988
Tags: Tag hinzufügen
Keine Tags, Fügen Sie das erste Tag hinzu!

MARC

LEADER 00000nas2a2200000 4500
001 s033928
005 20250730114144.6
041 0 |a cze 
044 |a CZ 
245 1 0 |a Arbitrážní praxe  |b Časopis Státní arbitráže ČSSR 
264 1 |a Praha  |b Stát. nakl. techn. lit.  |c 1988 
773 0 |w eu_un_cat*s120546